000 00268nam a2200097Ia 4500
001 1300151
005 20260420095858.0
008 260420s9999 xx 000 0 und d
245 0 _aERDEMLER 2 - BAĞIŞLAMAYI BİLİYORUM
_cKOLEKTİF
260 _bTİMAŞ ÇOCUK YAYINLARI
999 _c1300151
_d1300151